Γεωμετρίας στοιχειώδη μαθήματα : πρός χρήσιν των μαθητευόντων εις τα Ελληνικά σχολεία της Ελλάδος
Αποθηκεύτηκε σε:
| Κύριος συγγραφέας: | |
|---|---|
| Μορφή: | Βιβλίο |
| Γλώσσα: | Ancient Greek |
| Δημοσίευση: |
Αθήνησιν :
Τύποις Φ. Καραμπίνη και Κ. Βάφα,
1854.
|
| Θέματα: | |
| Ετικέτες: |
Προσθήκη ετικέτας
Δεν υπάρχουν, Καταχωρήστε ετικέτα πρώτοι!
|
MARC
| LEADER | 00000cam a2200000 i 4500 | ||
|---|---|---|---|
| 001 | 1/67693 | ||
| 008 | 150224s1854 gr | ||| |||| ||grc|| | ||
| 035 | |l 10121215 | ||
| 040 | |a GR-MyUA |b gre |e AACR2 | ||
| 041 | 0 | |a grc | |
| 082 | 0 | |a 516 |2 (23) | |
| 100 | 1 | |a Βάφας, Χ. | |
| 245 | 1 | 0 | |a Γεωμετρίας στοιχειώδη μαθήματα : |b πρός χρήσιν των μαθητευόντων εις τα Ελληνικά σχολεία της Ελλάδος / |c υπό Χ. Βαφά. |
| 260 | |a Αθήνησιν : |b Τύποις Φ. Καραμπίνη και Κ. Βάφα, |c 1854. | ||
| 300 | |b [2] αναδιπλ. πίνακες ; |c 21 εκ. | ||
| 500 | |a Στο recto σφραγίδα "Πορφυριάς Αστική Σχολη Καρλοβασίων" με αρ. 768. | ||
| 650 | 0 | 0 | |a Geometry. |
| 650 | 0 | 0 | |a Geometry |x Study and teaching. |
| 852 | |a INST |b SAMOS |c PORFYRIADA |e 20150224 |h 516 ΒΑΦ |p 005300041793 |q 005300041793 |t NOLOAN |y 23 | ||
| 901 | |a BIBL3-2015-1 | ||
| 909 | |a Σ |b 191859 | ||
| 970 | |a ΣΙΤΖΙΜΗ |b ΓΙΑΣΕΜΗ |z 2015/02/24 | ||